00465nam a2200193Ia 4500003000400000005001700004008004100021020002200062040000700084041000800091082001600099100001900115245004300134250000600177260003800183300001600221365001400237650002000251OSt20230623144344.0210423s1990 xx 000 0 und d a978-0-333-51484-9 cAL akan a539.75 SATI aSATCHLER (G R) aIntroduction to nuclear reactions Ed 2 a2 aLondonbMacmillan India Ltdc1990 axiv,318bPB b4499cINR aNuclear Physics